Datum a čas kvízu
33.5
Celkem bodů
Celkový počet nahraných bodů na tomto kvízu bez doplňovacích otázek.
4.
Pořadí na kvízu
Konečné umístění týmu na tomto kvízu.
Zaznamenané odpovědi
| # | Otázka | Odpověď | Body | Výsledky |
|---|---|---|---|---|
| 1. | Minulé pondělí došlo k obnoven... | Družba | 1 | |
| 2. | Bílý dům chtěl po americkém ná... | John McCain | 0 | |
| 3. | V úterý byly před zlínským Vel... | Helena Vondráčková, Jan Hrušínský | 0.5 | |
| 4. | Italsko-americká automobilka F... | Renault | 0 | |
| 5. | Jak se jmenuje nový trenér fot... | Václav Jílek | 1 | |
| 6. | Začneme složením vzduchu. Že j... | 1B 2C 3A 4D | 0 | |
| 7. | Kvalitě vzduchu v restauracích... | 2. čtvrtletí 2017 | 1 | |
| 8. | Že má tento přístroj něco spol... | anemometr | 1 | |
| 9. | Černé soustředné čáry na mapě... | hektopascal (hPa) | 0 | |
| 10. | Vítr je zjednodušeně řečeno po... | meteorismus | 1 |